Normal view
MARC view
- NEELOFAR
Entry Personal Name
001 - CONTROL NUMBER
- control field: 72736
003 - CONTROL NUMBER IDENTIFIER
- control field: NUST
005 - DATE AND TIME OF LATEST TRANSACTION
- control field: 20210628204904.0
008 - FIXED-LENGTH DATA ELEMENTS
- fixed length control field: 210628|| aca||aabn | a|a d
040 ## - CATALOGING SOURCE
- Original cataloging agency: NUST
- Transcribing agency: NUST
100 ## - HEADING--PERSONAL NAME
- Personal name: NEELOFAR
670 ## - SOURCE DATA FOUND
- Source citation: Work cat.: (NUST): NEELOFAR,, TH-SOF-0707-An Automated Approach for Software Bug Classification.pdf, 2001
